Statistiken für Monde unseres Sonnensystems (schwer)

Klicken Sie hier um das Quiz zu spielen!

Allgemein

  • Dieses Quiz wurde 381 mal gespielt
  • Das Durchschnittsergebnis liegt bei 15 aus 94

Antwortstatistiken

PlanetØAntwort% Korrekt
Erde3476Mond
100%
Jupiter3122Europa
88%
Jupiter3643Io
80%
Saturn5150Titan
76%
Jupiter5262Ganymed
70%
Mars22Phobos
67%
Mars12Deimos
63%
Jupiter4821Kallisto
63%
Neptun2706Triton
47%
Pluto1207Charon
40%
Uranus1578Titania
39%
Saturn1528Rhea
31%
Uranus1158Ariel
26%
Uranus1522Oberon
26%
Saturn1436Iapetus
22%
Uranus1169Umbriel
22%
Saturn499Enceladus
21%
Pluto≤25Styx
21%
Pluto90Nix
20%
Saturn20Pan
19%
Saturn1118Dione
18%
Uranus471Miranda
18%
Saturn32Atlas
17%
Saturn1060Tethys
17%
Pluto120Hydra
16%
Saturn397Mimas
15%
Pluto≤40Kerberos
14%
Neptun340Nereid
13%
Saturn84Pandora
13%
Neptun416Proteus
13%
Uranus162Puck
13%
Jupiter168Amalthea
12%
Eris≤700Dysnomia
11%
Jupiter160Himalia
11%
Saturn266Hyperion
11%
Saturn178Janus
11%
Neptun192Larissa
11%
Saturn240Phoebe
11%
Jupiter98Thebe
11%
Saturn18Ymir
10%
Uranus51Bianca
9%
Saturn19Calypso
9%
Haumea310Hi'iaka
9%
Jupiter18Leda
9%
Saturn100Prometheus
9%
Jupiter28Ananke
8%
Uranus10Cupid
8%
Jupiter78Elara
8%
Uranus22Francisco
8%
Neptun18Hippocamp
8%
Uranus93Juliet
8%
Jupiter44Metis
8%
Neptun58Naiad
8%
Haumea170Namaka
8%
Uranus42Ophelia
8%
Uranus32Stephano
8%
Neptun80Thalassa
8%
Jupiter16Adrastea
7%
Uranus21Ferdinand
7%
Saturn16Kiviuq
7%
Uranus10Mab
7%
Uranus20Margaret
7%
Uranus72Rosalind
7%
Neptun40Sao
7%
Uranus80Belinda
6%
Jupiter46Carme
6%
Uranus40Cordelia
6%
Neptun158Galatea
6%
Saturn32Helene
6%
Neptun60Neso
6%
Saturn22Paaliaq
6%
Uranus72Caliban
5%
Neptun148Despina
5%
Saturn119Epimetheus
5%
Neptun61Halimede
5%
Neptun40Laomedeia
5%
Jupiter38Lysithea
5%
Jupiter58Pasiphae
5%
Uranus135Portia
5%
Uranus50Prospero
5%
Neptun38Psamathe
5%
Jupiter38Sinope
5%
Saturn15Tarvos
5%
Uranus80Cressida
4%
Saturn12Ijiraq
4%
Uranus150Sycorax
4%
Saturn24Telesto
4%
Saturn32Albiorix
3%
Uranus64Desdemona
3%
Uranus47Setebos
3%
Uranus20Perdita
2%
Uranus18Trinculo
2%
Saturn10Erriapus
1%
Saturn40Siarnaq
1%

Verteilung der Resultate

Perzentil nach korrekt beantworteten Fragen

Anzahl Personen mit jedem Resultat

Ihre Resultats-Entwicklung

Sie haben dieses Quiz noch nicht gespielt